« Retourner aux résultats de recherche
Guide pratique de l'accouchement (Le)
les meilleurs conseils d'une sage-femme
| Auteur principal: | Evelyne Cosquer-Fery |
|---|---|
| Support: | Livres |
| Langue: | Francais |
| Genre: |
Documentaire |
| Sujets: | |
| Étiquettes: |
Ajouter
Pas de Tags !
|
| LEADER | 00823nam0a2200181 450 | ||
|---|---|---|---|
| 001 | 16848039 | ||
| 010 | |a 978-2-501-08005-7 |b Br. |d 7,99 | ||
| 100 | |a 20120926d2012 u u0frey01 ba | ||
| 101 | 0 | |a fre | |
| 102 | |a BE | ||
| 200 | 0 | |a Guide pratique de l'accouchement (Le) |e les meilleurs conseils d'une sage-femme |f Evelyne Cosquer-Fery | |
| 207 | 1 | |a | |
| 215 | |a 221 p. |d 21 x 15 cm | ||
| 330 | |a Guide pour accompagner la femme enceinte le mois qui précède et qui suit l'accouchement : des techniques anti-stress, des exercices pour éviter les complications, des conseils pour allaiter, comprendre le nouveau-né, etc. | ||
| 700 | 0 | |a Cosquer-Fery |b Evelyne |4 70 | |
| 900 | |a Documentaire | ||
| 901 | |a Accessible au prêt | ||
| 995 | |a Bibliothèque |c Bibliothèque |f 00156008234577 |h 00156008234577 |k 618.2 COS |o p |q a |r az |e Bibliothèque | ||
